000 00641nam a2200241Ia 4500
005 20230429135714.0
008 131103s9999 xx 000 0 und d
020 _a817554127X
_cRs 140
040 _aLoreto College
041 _aEnglish
082 _a658
_bBRA
100 _aBradbury, Andrew
245 _aDevelop your NLP skills
_cAndrew Bradbury
250 _a2nd ed
260 _aNew Delhi
_bKogan Page India Private Limited
_c2000
300 _aiv,139p
440 _aCreating success
504 _aIncludes bibliography
650 _aManagement
651 _aNeuro - Linguistic Programming
850 _aLCLIB
942 _cBK
999 _c8200
_d58679